[Event "XIV. DBMM Schach"]
[Site "Dresden"]
[Date "2014.11.22"]
[Round "6.2"]
[White "Stavenhagen, Johannes"]
[Black "Uhlarz, Joerg"]
[Result "1-0"]
[WhiteElo "1973"]
[BlackElo "1743"]
[Annotator "br"]
[PlyCount "61"]
[EventDate "2014.??.??"]
[EventType "team-swiss"]
[EventRounds "7"]
[EventCountry "GER"]
[Source "FV Schach e.V."]
[SourceDate "2015.07.06"]
[WhiteTeam "Europark Altenberg"]
[BlackTeam "W&W"]
[WhiteTeamCountry "GER"]
[BlackTeamCountry "GER"]

1. d4 f5 2. c4 Nf6 3. Nc3 e6 4. Nf3 Be7 5. Bf4 c6 6. Qc2 O-O 7. e3 d5 8. cxd5
exd5 9. Bd3 Ne4 10. Ne5 Na6 11. Bxa6 bxa6 12. Nxc6 Qe8 13. Nxd5 Rf7 14. Nc7 Qd7
15. Nxa8 g5 16. Nxe7+ Rxe7 17. Be5 Bb7 18. Nc7 Kf7 19. Qb3+ Kg6 20. Qxb7 Rxe5
21. Qxa6+ Kg7 22. Rc1 Re7 23. O-O Nf6 24. Rfd1 f4 25. exf4 Qg4 26. fxg5 Nd7 27.
Qh6+ Kg8 28. Nd5 Re8 29. Re1 Re4 30. Ne7+ Kf7 31. Qxh7+ 1-0

[Event "XIV. DBMM Schach"]
[Site "Dresden"]
[Date "2014.11.22"]
[Round "6.1"]
[White "Bumes, Konrad"]
[Black "Koerlin, Hans Juergen"]
[Result "1-0"]
[WhiteElo "1848"]
[BlackElo "1863"]
[Annotator "br"]
[PlyCount "131"]
[EventDate "2014.??.??"]
[EventType "team-swiss"]
[EventRounds "7"]
[EventCountry "GER"]
[Source "FV Schach e.V."]
[SourceDate "2015.07.06"]
[WhiteTeam "EPA Muenchen II"]
[BlackTeam "BA Tempelhof Berlin II"]
[WhiteTeamCountry "GER"]
[BlackTeamCountry "GER"]

1. d4 Nf6 2. c4 e5 3. dxe5 Ng4 4. Nf3 Bc5 5. e3 Nc6 6. Be2 O-O 7. O-O a5 8. Bd2
Ngxe5 9. Nxe5 Nxe5 10. Bc3 d6 11. Bd4 Be6 12. b3 a4 13. Nd2 Bb4 14. Qc2 Qe7 15.
Nf3 Bd7 16. Bc3 Bxc3 17. Qxc3 Bc6 18. Nd4 Bd7 19. b4 c5 20. bxc5 dxc5 21. Nf3
Rfe8 22. Nxe5 Qxe5 23. Qxe5 Rxe5 24. Bf3 Rb8 25. Rab1 b5 26. Rfd1 Be8 27. cxb5
Rxb5 28. Rxb5 Bxb5 29. Rd8+ Re8 30. Rxe8+ Bxe8 31. a3 Bb5 32. Bd1 Kf8 33. f3
Ke7 34. Kf2 Kd6 35. Ke1 Ke5 36. Kd2 f5 37. Bc2 h6 38. Kc3 g5 39. Bd3 Bd7 40.
Kc4 Kd6 41. e4 f4 42. e5+ Kc6 43. Be4+ Kb6 44. Bd5 Bb5+ 45. Kc3 Kc7 46. Bc4 Bc6
47. Bd3 g4 48. Be2 g3 49. h4 Bd5 50. Bd1 Kd8 51. Kd3 Ke7 52. Ke2 Bc6 53. Kd3
Bb5+ 54. Ke4 Ke6 55. Kxf4 Bc6 56. Be2 Bd5 57. Bd3 c4 58. Bf5+ Ke7 59. Ke3 c3
60. Be4 Bb3 61. Kd3 c2 62. Kd2 Bc4 63. Bxc2 Bf1 64. f4 Ke6 65. Kc3 Bb5 66. Kd4
1-0

[Event "XIV. DBMM Schach"]
[Site "Dresden"]
[Date "2014.11.22"]
[Round "6.2"]
[White "Quast, Michael"]
[Black "Santos, Paulo"]
[Result "1/2-1/2"]
[WhiteElo "1723"]
[BlackElo "1800"]
[Annotator "br"]
[PlyCount "29"]
[EventDate "2014.??.??"]
[EventType "team-swiss"]
[EventRounds "7"]
[EventCountry "GER"]
[Source "FV Schach e.V."]
[SourceDate "2015.07.06"]
[WhiteTeam "BA Tempelhof Berlin II"]
[BlackTeam "EPA Muenchen II"]
[WhiteTeamCountry "GER"]
[BlackTeamCountry "GER"]

1. b3 Nf6 2. Bb2 d5 3. e3 Bf5 4. f4 e6 5. Nf3 Bd6 6. Be2 O-O 7. O-O Nbd7 8. Ne5
c5 9. d3 h6 10. Nd2 Qc7 11. Ndf3 Ng4 12. Nxg4 Bxg4 13. Nh4 Bxe2 14. Qxe2 Be7
15. Nf3 1/2-1/2

[Event "XIV. DBMM Schach"]
[Site "Dresden"]
[Date "2014.11.22"]
[Round "6.3"]
[White "Lange, Ronny"]
[Black "Wolf, Wilfried"]
[Result "1-0"]
[WhiteElo "1693"]
[BlackElo "1523"]
[Annotator "br"]
[PlyCount "31"]
[EventDate "2014.??.??"]
[EventType "team-swiss"]
[EventRounds "7"]
[EventCountry "GER"]
[Source "FV Schach e.V."]
[SourceDate "2015.07.06"]
[WhiteTeam "EPA Muenchen II"]
[BlackTeam "BA Tempelhof Berlin II"]
[WhiteTeamCountry "GER"]
[BlackTeamCountry "GER"]

1. e4 e5 2. Nf3 Nc6 3. Bc4 f6 4. d4 exd4 5. Nxd4 Nxd4 6. Qxd4 c6 7. O-O Qb6 8.
Qd3 Bc5 9. Nc3 Qc7 10. Bxg8 Rxg8 11. Qc4 Bxf2+ 12. Rxf2 Rf8 13. Bf4 Qb6 14. Bd6
Rf7 15. e5 fxe5 16. Qxf7+ 1-0

[Event "XIV. DBMM Schach"]
[Site "Dresden"]
[Date "2014.11.22"]
[Round "6.4"]
[White "Warnest, Stefan"]
[Black "Sidoti, Filippo"]
[Result "1/2-1/2"]
[WhiteElo "1424"]
[BlackElo "1597"]
[Annotator "br"]
[PlyCount "45"]
[EventDate "2014.??.??"]
[EventType "team-swiss"]
[EventRounds "7"]
[EventCountry "GER"]
[Source "FV Schach e.V."]
[SourceDate "2015.07.06"]
[WhiteTeam "BA Tempelhof Berlin II"]
[BlackTeam "EPA Muenchen II"]
[WhiteTeamCountry "GER"]
[BlackTeamCountry "GER"]

1. e4 d6 2. d4 Nf6 3. Nc3 g6 4. e5 dxe5 5. dxe5 Qxd1+ 6. Nxd1 Nd5 7. Ne3 Be6 8.
Nxd5 Bxd5 9. b3 Nd7 10. Bb2 Bg7 11. f4 O-O-O 12. O-O-O Nc5 13. h4 Ne4 14. Nh3
Ng3 15. Rg1 Nxf1 16. Rdxf1 h6 17. g4 Rhg8 18. Nf2 f6 19. exf6 Bxf6 20. Bxf6
exf6 21. Rd1 Bf3 22. Rxd8+ Rxd8 23. Nd3 1/2-1/2

[Event "XIV. DBMM Schach"]
[Site "Dresden"]
[Date "2014.11.22"]
[Round "6.1"]
[White "Raum, Norbert"]
[Black "Schroeder, Kai Uwe"]
[Result "0-1"]
[WhiteElo "1816"]
[BlackElo "1858"]
[Annotator "br"]
[PlyCount "82"]
[EventDate "2014.??.??"]
[EventType "team-swiss"]
[EventRounds "7"]
[EventCountry "GER"]
[Source "FV Schach e.V."]
[SourceDate "2015.07.06"]
[WhiteTeam "Baubehoerde Hamburg II"]
[BlackTeam "Transit Hamburg II"]
[WhiteTeamCountry "GER"]
[BlackTeamCountry "GER"]

1. g3 e6 2. c4 d5 3. Bg2 Nf6 4. Nf3 c6 5. cxd5 exd5 6. O-O Bd6 7. d4 O-O 8. Nc3
Nbd7 9. Bg5 h6 10. Bxf6 Nxf6 11. a3 Ne4 12. Nxe4 dxe4 13. Nd2 f5 14. Qb3+ Kh8
15. f3 Bxg3 16. hxg3 Qxd4+ 17. e3 Qxd2 18. fxe4 Qd6 19. exf5 Qxg3 20. Rf3 Qe5
21. Raf1 $11 Rf6 22. Rf4 Bxf5 23. e4 Be6 24. Qg3 Rxf4 25. Rxf4 Qd4+ 26. Kh2 Qd6
27. e5 Qe7 28. Be4 Bg8 29. Rg4 Rd8 30. b4 Rd2+ 31. Kg1 Qd7 32. Bf3 Be6 33. Re4
Qd3 34. Qf4 $11 Qb1+ 35. Bd1 Qxd1+ 36. Qf1 Qxf1+ 37. Kxf1 Rd5 38. Ke2 a5 39.
Ke3 axb4 40. axb4 Kg8 41. Kf4 Rd3 0-1

[Event "XIV. DBMM Schach"]
[Site "Dresden"]
[Date "2014.11.22"]
[Round "6.2"]
[White "Figger, Udo"]
[Black "Hoffeins, Hans Werner"]
[Result "0-1"]
[WhiteElo "1906"]
[BlackElo "1791"]
[Annotator "br"]
[PlyCount "42"]
[EventDate "2014.??.??"]
[EventType "team-swiss"]
[EventRounds "7"]
[EventCountry "GER"]
[Source "FV Schach e.V."]
[SourceDate "2015.07.06"]
[WhiteTeam "Transit Hamburg II"]
[BlackTeam "Baubehoerde Hamburg II"]
[WhiteTeamCountry "GER"]
[BlackTeamCountry "GER"]

1. Nc3 d6 2. d4 Nf6 3. e4 Nbd7 4. f4 e5 5. fxe5 dxe5 6. dxe5 Nxe5 7. Qxd8+ Kxd8
8. Bg5 c6 9. O-O-O+ Kc7 10. Bf4 Bd6 11. Nf3 Nd3+ 12. Rxd3 Bxf4+ 13. Kb1 Ng4 14.
Nd1 Re8 15. g3 Bh6 16. h3 Nf6 17. Nc3 Nxe4 18. Nxe4 Rxe4 19. Rh2 b6 20. g4 f6
21. Re2 Rxe2 0-1

[Event "XIV. DBMM Schach"]
[Site "Dresden"]
[Date "2014.11.22"]
[Round "6.3"]
[White "Hartmann, Jens"]
[Black "Basteck, Reiner"]
[Result "1/2-1/2"]
[WhiteElo "1788"]
[BlackElo "1659"]
[Annotator "br"]
[PlyCount "35"]
[EventDate "2014.??.??"]
[EventType "team-swiss"]
[EventRounds "7"]
[EventCountry "GER"]
[Source "FV Schach e.V."]
[SourceDate "2015.07.06"]
[WhiteTeam "Baubehoerde Hamburg II"]
[BlackTeam "Transit Hamburg II"]
[WhiteTeamCountry "GER"]
[BlackTeamCountry "GER"]

1. e4 c5 2. Nf3 e6 3. d4 cxd4 4. Nxd4 Nf6 5. Bd3 Nc6 6. Nxc6 bxc6 7. O-O d6 8.
Be3 e5 9. f4 Ng4 10. Qf3 Nxe3 11. Qxe3 Be7 12. fxe5 dxe5 13. Nd2 Qd4 14. Qxd4
exd4 15. e5 Be6 16. Ne4 O-O 17. b3 Bd5 18. Rf3 1/2-1/2

[Event "XIV. DBMM Schach"]
[Site "Dresden"]
[Date "2014.11.22"]
[Round "6.4"]
[White "Rulfs, Ernst August"]
[Black "Hein, Andrea"]
[Result "1-0"]
[WhiteElo "1598"]
[BlackElo "1430"]
[Annotator "br"]
[PlyCount "96"]
[EventDate "2014.??.??"]
[EventType "team-swiss"]
[EventRounds "7"]
[EventCountry "GER"]
[Source "FV Schach e.V."]
[SourceDate "2015.07.06"]
[WhiteTeam "Transit Hamburg II"]
[BlackTeam "Baubehoerde Hamburg II"]
[WhiteTeamCountry "GER"]
[BlackTeamCountry "GER"]

1. Nf3 Nf6 2. g3 Nc6 3. Bg2 d6 4. O-O h6 5. d3 e5 6. c4 Bd7 7. a3 Be7 8. b4 Rb8
9. Bb2 a6 10. Nc3 O-O 11. Rc1 Na7 12. d4 exd4 13. Qxd4 Nc6 14. Qd1 Qc8 15. Re1
Re8 16. Nd5 Qd8 17. e4 Bg4 18. h3 Bxf3 19. Qxf3 Ne5 20. Bxe5 dxe5 21. Rcd1 Qc8
22. Qc3 Bd8 23. f4 exf4 24. gxf4 c6 25. Nxf6+ Bxf6 26. Qg3 Qe6 27. e5 Bd8 28.
Rd6 Qxc4 29. Rxh6 Re6 30. Rxe6 Qxe6 31. Kh2 Qh6 32. Re3 Bh4 33. Qf3 Rd8 34. f5
Rd4 35. e6 fxe6 36. Rxe6 Qf4+ 37. Qxf4 Rxf4 38. Re8+ Kf7 39. Rb8 Rxf5 40. Rxb7+
Kf6 41. Bxc6 Rf2+ 42. Bg2 g5 43. Rb6+ Ke5 44. Rxa6 Kd4 45. b5 Kc5 46. a4 Rb2
47. Kg1 Rb1+ 48. Bf1 Rb2 1-0

[Event "XIV. DBMM Schach"]
[Site "Dresden"]
[Date "2014.11.22"]
[Round "6.1"]
[White "Jacobsen, Ruediger"]
[Black "Harzer, Paul"]
[Result "0-1"]
[WhiteElo "1518"]
[BlackElo "2123"]
[Annotator "br"]
[PlyCount "62"]
[EventDate "2014.??.??"]
[EventType "team-swiss"]
[EventRounds "7"]
[EventCountry "GER"]
[Source "FV Schach e.V."]
[SourceDate "2015.07.06"]
[WhiteTeam "SG Airbus Bremen"]
[BlackTeam "Deutsche Bahn/BSW Berlin II"]
[WhiteTeamCountry "GER"]
[BlackTeamCountry "GER"]

1. e4 d5 2. Nc3 dxe4 3. Nxe4 Nd7 4. Nf3 Ngf6 5. Ng3 e6 6. Bc4 Be7 7. O-O O-O 8.
d4 c6 9. c3 Re8 10. Qc2 Qc7 11. Be3 Nd5 12. Bxd5 cxd5 13. Rfe1 Nf8 14. Qd2 Ng6
15. Rac1 Bd7 16. Nh5 Bd6 17. g3 Rac8 18. Ng5 Qb8 19. f4 b5 20. Nf3 b4 21. Ne5
Red8 22. Nxg7 Kxg7 23. f5 Nxe5 24. f6+ Kh8 25. dxe5 Bxe5 26. Bd4 Bxd4+ 27. cxd4
Rxc1 28. Rxc1 Rg8 29. Qe3 Qd8 30. Rf1 Rg6 31. Rf2 Bb5 0-1

[Event "XIV. DBMM Schach"]
[Site "Dresden"]
[Date "2014.11.22"]
[Round "6.2"]
[White "Klotzsche, Thomas"]
[Black "Mikoteit, Siegfried"]
[Result "1-0"]
[WhiteElo "1929"]
[BlackElo "1304"]
[Annotator "br"]
[PlyCount "57"]
[EventDate "2014.??.??"]
[EventType "team-swiss"]
[EventRounds "7"]
[EventCountry "GER"]
[Source "FV Schach e.V."]
[SourceDate "2015.07.06"]
[WhiteTeam "Deutsche Bahn/BSW Berlin II"]
[BlackTeam "SG Airbus Bremen"]
[WhiteTeamCountry "GER"]
[BlackTeamCountry "GER"]

1. e4 e5 2. Nf3 Nc6 3. Bb5 d6 4. c3 Bd7 5. O-O a6 6. Ba4 b5 7. Bc2 Nf6 8. Qe2
Bg4 9. h3 Bh5 10. Rd1 h6 11. d3 Qb8 12. Nbd2 b4 13. Nf1 a5 14. Ba4 Qb7 15. Ng3
Bg6 16. a3 b3 17. Nd2 Kd8 18. Nxb3 Ne7 19. Nd2 Nc8 20. d4 Nb6 21. Bc2 h5 22.
dxe5 dxe5 23. Nc4+ Bd6 24. Nxe5 Nfd7 25. Nxg6 fxg6 26. e5 Re8 27. Be4 c6 28.
Rxd6 Rxe5 29. Qd1 1-0

[Event "XIV. DBMM Schach"]
[Site "Dresden"]
[Date "2014.11.22"]
[Round "6.3"]
[White "Schroeder, Wilfried"]
[Black "Strauss, Peter"]
[Result "0-1"]
[WhiteElo "1400"]
[BlackElo "1751"]
[Annotator "br"]
[PlyCount "58"]
[EventDate "2014.??.??"]
[EventType "team-swiss"]
[EventRounds "7"]
[EventCountry "GER"]
[Source "FV Schach e.V."]
[SourceDate "2015.07.06"]
[WhiteTeam "SG Airbus Bremen"]
[BlackTeam "Deutsche Bahn/BSW Berlin II"]
[WhiteTeamCountry "GER"]
[BlackTeamCountry "GER"]

1. b4 d5 2. Bb2 e6 3. b5 Nf6 4. Nf3 Bd6 5. a4 Qe7 6. g3 e5 7. Bg2 c6 8. O-O
Nbd7 9. d3 cxb5 10. axb5 Nb6 11. c4 dxc4 12. Ba3 cxd3 13. exd3 O-O 14. Re1 Bxa3
15. Rxa3 Bg4 16. h3 Bxf3 17. Bxf3 Rfe8 18. d4 Nc4 19. Ra2 e4 20. Rae2 Nd6 21.
Nc3 Qd7 22. Bg2 Rac8 23. Qc2 Nxb5 24. Re3 Nxd4 25. Qb2 Nf3+ 26. Rxf3 exf3 27.
Rxe8+ Rxe8 28. Bf1 Re1 29. Qc2 Qxh3 0-1

[Event "XIV. DBMM Schach"]
[Site "Dresden"]
[Date "2014.11.22"]
[Round "6.4"]
[White "Fitzke, Ulrich"]
[Black "Feldmann, Alfred"]
[Result "1-0"]
[WhiteElo "1898"]
[BlackElo "1435"]
[Annotator "br"]
[PlyCount "45"]
[EventDate "2014.??.??"]
[EventType "team-swiss"]
[EventRounds "7"]
[EventCountry "GER"]
[Source "FV Schach e.V."]
[SourceDate "2015.07.06"]
[WhiteTeam "Deutsche Bahn/BSW Berlin II"]
[BlackTeam "SG Airbus Bremen"]
[WhiteTeamCountry "GER"]
[BlackTeamCountry "GER"]

1. d4 d5 2. c4 c6 3. e3 dxc4 4. Bxc4 b5 5. Bb3 Nf6 6. Nc3 e6 7. Nf3 Be7 8. O-O
O-O 9. Qc2 a5 10. a3 Bb7 11. Ne5 Nbd7 12. Nd3 Rc8 13. Rd1 Qb6 14. Bd2 Nd5 15.
Rac1 c5 16. dxc5 Nxc5 17. Nxd5 exd5 18. Nxc5 Rxc5 19. Qd3 Rfc8 20. Rxc5 Rxc5
21. Bc2 Qc7 22. Qxh7+ Kf8 23. Qh8# 1-0

[Event "XIV. DBMM Schach"]
[Site "Dresden"]
[Date "2014.11.22"]
[Round "6.1"]
[White "Wirth, Volker"]
[Black "Zunk, Olaf"]
[Result "1-0"]
[WhiteElo "1717"]
[BlackElo "1402"]
[Annotator "br"]
[PlyCount "75"]
[EventDate "2014.??.??"]
[EventType "team-swiss"]
[EventRounds "7"]
[EventCountry "GER"]
[Source "FV Schach e.V."]
[SourceDate "2015.07.06"]
[WhiteTeam "Sparkassen-Vers. Stuttgart II"]
[BlackTeam "ADAC Muenchen II"]
[WhiteTeamCountry "GER"]
[BlackTeamCountry "GER"]

1. d4 d5 2. c4 e6 3. Nf3 Nf6 4. Bg5 Be7 5. e3 h6 6. Bh4 O-O 7. Bd3 b6 8. Nc3
Bb7 9. a3 c5 10. O-O a6 11. Rc1 Nbd7 12. Qe2 dxc4 13. Bxc4 b5 14. Ba2 c4 15. e4
Re8 16. Rfd1 Qc7 17. Bg3 Qc8 18. Bb1 Qd8 19. Ne5 Nb6 20. f4 Bd6 21. Bh4 Be7 22.
Qc2 Nh5 23. Bxe7 Qxe7 24. Rf1 Qh4 25. f5 Nf6 26. Nf3 Qh5 27. fxe6 Ng4 28. exf7+
Qxf7 29. e5 Ne3 30. Qh7+ Kf8 31. Rf2 Ng4 32. Rff1 Ne3 33. Nh4 Nxf1 34. Rxf1
Qxf1+ 35. Kxf1 Ke7 36. Qxg7+ Kd8 37. Qxb7 Rf8+ 38. Nf3 1-0

[Event "XIV. DBMM Schach"]
[Site "Dresden"]
[Date "2014.11.22"]
[Round "6.2"]
[White "Lajh, Anton"]
[Black "Brethauer, Tim"]
[Result "1-0"]
[WhiteElo "1530"]
[BlackElo "1641"]
[Annotator "br"]
[PlyCount "115"]
[EventDate "2014.??.??"]
[EventType "team-swiss"]
[EventRounds "7"]
[EventCountry "GER"]
[Source "FV Schach e.V."]
[SourceDate "2015.07.06"]
[WhiteTeam "ADAC Muenchen II"]
[BlackTeam "Sparkassen-Vers. Stuttgart II"]
[WhiteTeamCountry "GER"]
[BlackTeamCountry "GER"]

1. e4 e6 2. Nf3 d5 3. exd5 exd5 4. d4 Nf6 5. h3 Bd6 6. Bd3 O-O 7. O-O c6 8. Bg5
Nbd7 9. Nc3 Qc7 10. a3 b6 11. Re1 Bb7 12. Bf5 Rfe8 13. Qd2 Ba6 14. Bd3 Bxd3 15.
Qxd3 Nh5 16. Rad1 Nf4 17. Bxf4 Bxf4 18. Qf5 Nf6 19. g3 Bd6 20. Kg2 h6 21. Qd3
Rad8 22. Nh4 Rxe1 23. Rxe1 Re8 24. Rxe8+ Nxe8 25. Qe2 Nf6 26. Nf5 Bf8 27. Qf3
Qd7 28. Nxh6+ gxh6 29. Qxf6 Bg7 30. Qf4 Qd8 31. Ne2 Qe8 32. Qe3 Qe4+ 33. Qxe4
dxe4 34. g4 c5 35. c3 Bf6 36. dxc5 bxc5 37. Ng3 Bg5 38. b4 cxb4 39. axb4 e3 40.
fxe3 Bxe3 41. Kf3 Bd2 42. Ne2 Kg7 43. b5 Kf6 44. Ke4 Kg5 45. c4 Kh4 46. Kd3 Bb4
47. Nf4 Bc5 48. Ke4 Kg5 49. Nd3 Be7 50. Kf3 Kh4 51. Kg2 Kg5 52. c5 Bd8 53. Kf3
Kf6 54. Ke4 Bc7 55. h4 Ke7 56. Kf5 Bd8 57. h5 Bc7 58. Nb4 1-0

[Event "XIV. DBMM Schach"]
[Site "Dresden"]
[Date "2014.11.22"]
[Round "6.4"]
[White "Zunk, Steffi"]
[Black "Stahr, Ralf Peter"]
[Result "0-1"]
[WhiteElo "822"]
[BlackElo "2042"]
[Annotator "br"]
[PlyCount "50"]
[EventDate "2014.??.??"]
[EventType "team-swiss"]
[EventRounds "7"]
[EventCountry "GER"]
[Source "FV Schach e.V."]
[SourceDate "2015.07.06"]
[WhiteTeam "ADAC Muenchen II"]
[BlackTeam "Sparkassen-Vers. Stuttgart II"]
[WhiteTeamCountry "GER"]
[BlackTeamCountry "GER"]

1. e4 c5 2. Bc4 Nc6 3. d3 Nf6 4. Nf3 e6 5. Be3 d5 6. Bb3 dxe4 7. dxe4 Qxd1+ 8.
Kxd1 Nxe4 9. Ke2 b6 10. c4 Ba6 11. Nbd2 Nd6 12. Rhe1 b5 13. cxb5 Bxb5+ 14. Kd1
c4 15. a4 Ba6 16. Ba2 Rb8 17. Rb1 Nb4 18. Bxa7 Rb7 19. Bc5 Nxa2 20. Ne4 Nxe4
21. Rxe4 Bxc5 22. Re5 Bd4 23. Ra5 Rb6 24. b3 Nc3+ 25. Kc2 Nxb1 0-1

[Event "XIV. DBMM Schach"]
[Site "Dresden"]
[Date "2014.11.23"]
[Round "7.2"]
[White "Scholvin, Erich"]
[Black "Karthaus, Carsten"]
[Result "1-0"]
[WhiteElo "2105"]
[BlackElo "1961"]
[Annotator "br"]
[PlyCount "62"]
[EventDate "2014.??.??"]
[EventType "team-swiss"]
[EventRounds "7"]
[EventCountry "GER"]
[Source "FV Schach e.V."]
[SourceDate "2015.07.06"]
[WhiteTeam "SV RAPID Unilever Hamburg"]
[BlackTeam "SG Stern Stuttgart"]
[WhiteTeamCountry "GER"]
[BlackTeamCountry "GER"]

1. d4 $11 d5 2. Nf3 Nf6 3. e3 Bf5 4. c4 c6 5. Qb3 Qb6 6. Nc3 e6 7. c5 Qc7 8.
Bd2 Nbd7 9. Be2 Be7 10. Nh4 Bg6 11. Nxg6 hxg6 12. f4 O-O 13. O-O b6 14. cxb6
axb6 15. Rac1 Qd6 16. a3 c5 17. Nb5 Qb8 18. Qd1 Ne4 19. Nc3 Ndf6 20. Nxe4 Nxe4
21. Bd3 Nxd2 22. Qxd2 c4 23. Bb1 b5 24. e4 b4 25. axb4 Bxb4 26. Qf2 Ra7 27. f5
gxf5 28. exd5 Bd6 29. g3 Rb7 30. dxe6 Rxb2 31. Qxf5 Rxb1 1-0

[Event "XIV. DBMM Schach"]
[Site "Dresden"]
[Date "2014.11.23"]
[Round "7.3"]
[White "Wepfer, Bernd"]
[Black "Neander, Swen"]
[Result "1/2-1/2"]
[WhiteElo "1879"]
[BlackElo "1980"]
[Annotator "br"]
[PlyCount "30"]
[EventDate "2014.??.??"]
[EventType "team-swiss"]
[EventRounds "7"]
[EventCountry "GER"]
[Source "FV Schach e.V."]
[SourceDate "2015.07.06"]
[WhiteTeam "SG Stern Stuttgart"]
[BlackTeam "SV RAPID Unilever Hamburg"]
[WhiteTeamCountry "GER"]
[BlackTeamCountry "GER"]

1. Nf3 d5 2. g3 c6 3. Bg2 Nd7 4. d4 e6 5. O-O Bd6 6. b3 Qe7 7. c4 f5 8. Bf4
Bxf4 9. gxf4 Ngf6 10. Qc1 O-O 11. Na3 Ne4 12. Nc2 Ndf6 13. Nce1 Bd7 14. Nd3 Be8
15. Nde5 Bh5 1/2-1/2

[Event "XIV. DBMM Schach"]
[Site "Dresden"]
[Date "2014.11.23"]
[Round "7.4"]
[White "Ristic, Sreten"]
[Black "Bangert, Udo"]
[Result "1-0"]
[WhiteElo "1925"]
[BlackElo "1905"]
[Annotator "br"]
[PlyCount "39"]
[EventDate "2014.??.??"]
[EventType "team-swiss"]
[EventRounds "7"]
[EventCountry "GER"]
[Source "FV Schach e.V."]
[SourceDate "2015.07.06"]
[WhiteTeam "SV RAPID Unilever Hamburg"]
[BlackTeam "SG Stern Stuttgart"]
[WhiteTeamCountry "GER"]
[BlackTeamCountry "GER"]

1. e4 e5 2. Nf3 Nc6 3. Bb5 g6 4. c3 Bg7 5. d3 Nge7 6. h3 O-O 7. Qe2 a6 8. Ba4
b5 9. Bc2 f5 10. Bg5 d5 11. Nbd2 Qd6 12. O-O h6 13. Bxe7 Nxe7 14. Rfe1 Nc6 15.
exd5 Na5 16. b4 Nb7 17. Nxe5 a5 18. bxa5 Nxa5 19. d4 Qxd5 20. Nxg6 1-0

[Event "XIV. DBMM Schach"]
[Site "Dresden"]
[Date "2014.11.23"]
[Round "7.1"]
[White "Schmidt, Harald"]
[Black "Schmitzer, Klaus"]
[Result "1-0"]
[WhiteElo "2364"]
[BlackElo "2271"]
[Annotator "br"]
[PlyCount "127"]
[EventDate "2014.??.??"]
[EventType "team-swiss"]
[EventRounds "7"]
[EventCountry "GER"]
[Source "FV Schach e.V."]
[SourceDate "2015.07.06"]
[WhiteTeam "Transit Hamburg"]
[BlackTeam "AGI Frankfurt"]
[WhiteTeamCountry "GER"]
[BlackTeamCountry "GER"]

1. c4 b6 2. d4 e6 3. Nf3 Bb7 4. g3 Bb4+ 5. Bd2 a5 6. Bg2 f5 7. O-O Nf6 8. Bf4
Be7 9. d5 Na6 10. Nd4 Nc5 11. Nc3 O-O 12. Ncb5 Rc8 13. dxe6 Bxg2 14. Kxg2 dxe6
15. Nf3 Nfe4 16. Qxd8 Bxd8 17. Rfd1 Bf6 18. Be5 Na4 19. b3 Nac3 20. Nxc3 Bxe5
21. Nxe5 Nxc3 22. Rd3 Ne4 23. Rad1 Nc5 24. Rd4 Rfe8 25. f3 Ra8 26. h4 h5 27.
Kf2 Kh7 28. Ke3 Kh6 29. Kf4 Re7 30. Rb1 Ree8 31. a3 Re7 32. b4 axb4 33. axb4
Nb7 34. Rbd1 Nd6 35. c5 bxc5 36. bxc5 Nb5 37. Rd8 Re8 38. Rxe8 Rxe8 39. Rd3 Ra8
40. e4 fxe4 41. fxe4 Rf8+ 42. Ke3 Rf1 43. Rb3 Re1+ 44. Kd3 Rd1+ 45. Kc4 Nd4 46.
Rb8 Kh7 47. Rd8 Nc2 48. Rxd1 Ne3+ 49. Kb5 Nxd1 50. Kc6 Nf2 51. Kxc7 Nxe4 52. c6
g6 53. Kd7 Nc5+ 54. Ke7 Na6 55. Kf7 Nc7 56. Nxg6 Kh6 57. Ne5 Kh7 58. Ke7 Kg7
59. Kd7 Nd5 60. Kxe6 Nb6 61. c7 Nc8 62. Nd3 Na7 63. Nf4 Kh6 64. Kd7 1-0

[Event "XIV. DBMM Schach"]
[Site "Dresden"]
[Date "2014.11.23"]
[Round "7.4"]
[White "Büscher, Henrik"]
[Black "Bohn, Christoph"]
[Result "1/2-1/2"]
[WhiteElo "2112"]
[BlackElo "1920"]
[Annotator "br"]
[PlyCount "173"]
[EventDate "2014.??.??"]
[EventType "team-swiss"]
[EventRounds "7"]
[EventCountry "GER"]
[Source "FV Schach e.V."]
[SourceDate "2015.07.06"]
[WhiteTeam "AGI Frankfurt"]
[BlackTeam "Transit Hamburg"]
[WhiteTeamCountry "GER"]
[BlackTeamCountry "GER"]

1. d4 Nf6 2. e3 b6 3. f4 Bb7 4. Nf3 g6 5. c3 Bg7 6. Bd3 O-O 7. O-O d6 8. Nbd2
Nbd7 9. Qe1 e5 10. fxe5 dxe5 11. Bc4 $11 exd4 12. exd4 c5 13. Qh4 Nd5 14. Qf2
cxd4 15. Nxd4 Ne5 16. Be2 Nf6 17. N2f3 Ne4 18. Qe1 Ng4 19. Bd3 Re8 20. Bxe4
Rxe4 21. Qg3 Qd7 22. Nb3 Rae8 23. Bg5 Ne3 24. Bxe3 Rxe3 25. Rad1 Qe7 26. Qf4
Re4 27. Qd6 Qxd6 28. Rxd6 Re2 29. Rf2 Bxf3 30. gxf3 Bh6 31. Kg2 Bf4 32. Rd7 a5
33. h3 Re1 34. Nd4 Rd1 35. Rb7 Ree1 36. Rc2 Rg1+ 37. Kf2 Bg3+ 38. Ke3 Rge1+ 39.
Re2 Rh1 40. Ke4 Rxh3 41. Kd5 Rh5+ 42. Kc6 Re5 43. Rg2 Bf4 44. Rxb6 Rd2 45. Rg4
g5 46. Rb7 h5 47. Rg1 h4 48. Nb3 Re6+ 49. Kb5 Rxb2 50. Rd1 a4 51. Kxa4 Rxa2+
52. Kb4 Bd6+ 53. Kc4 Ra4+ 54. Kb5 Rf4 55. Nd4 Re5+ 56. Kc6 Bf8 57. Rb3 Rf6+ 58.
Kb7 Re7+ 59. Ka8 Ra6+ 60. Kb8 Rd7 61. Kc8 Rdd6 62. Rg1 Ra8+ 63. Kb7 Ra5 64. f4
Rg6 65. f5 Rg7 66. f6 Rg6 67. Nb5 Rxf6 68. Rxg5+ Rg6 69. Rh5 Rh6 70. Rxh6 Bxh6
71. c4 Bf4 72. Kb6 Ra1 73. c5 Re1 74. c6 Be3+ 75. Rxe3 Rxe3 76. c7 Re8 77. Nd6
Rf8 78. Nf5 h3 79. Kb7 h2 80. Ng3 f5 81. c8=Q Rxc8 82. Kxc8 f4 83. Nh1 Kg7 84.
Kd7 Kg6 85. Ke6 Kg5 86. Ke5 Kg4 87. Ke4 1/2-1/2

[Event "XIV. DBMM Schach"]
[Site "Dresden"]
[Date "2014.11.23"]
[Round "7.1"]
[White "Gohil, Harry"]
[Black "Hohlfeld, Wolfgang"]
[Result "1/2-1/2"]
[WhiteElo "2322"]
[BlackElo "2102"]
[Annotator "br"]
[PlyCount "48"]
[EventDate "2014.??.??"]
[EventType "team-swiss"]
[EventRounds "7"]
[EventCountry "GER"]
[Source "FV Schach e.V."]
[SourceDate "2015.07.06"]
[WhiteTeam "BSG Commerzbank Frankfurt"]
[BlackTeam "Baubehoerde Hamburg"]
[WhiteTeamCountry "GER"]
[BlackTeamCountry "GER"]

1. d4 d5 2. Bg5 c6 3. e3 Qb6 4. Qc1 h6 5. Bf4 Nf6 6. Bd3 e6 7. Nf3 c5 8. c3 Nc6
9. Nbd2 Be7 10. O-O O-O 11. h3 Nd7 12. g4 Qd8 13. Ne5 f6 14. Ng6 Rf7 15. Nf3
Nf8 16. Kg2 Bd6 17. dxc5 Bxc5 18. c4 d4 19. Nxf8 Rxf8 20. exd4 Bxd4 21. Rd1 e5
22. Nxd4 Nxd4 23. Be3 f5 24. gxf5 Bxf5 1/2-1/2